| 000 | 00640nam a2200265Ia 4500 | ||
|---|---|---|---|
| 008 | 210210b1928 xxu||||| |||| 00| 0 eng d | ||
| 041 | _aeng | ||
| 082 | _a546 FRIT | ||
| 100 | _aFRIEND (J Newton) | ||
| 245 |
_aText book of inorganic chemistry Vol XI _bOrganometallic compounds |
||
| 260 |
_aLondon _bCharles Griffin & Co Ltd. _c1928 |
||
| 300 | _axxviii,417 | ||
| 440 | _aXI | ||
| 650 | _aXI | ||
| 650 | _aVol | ||
| 650 | _aText | ||
| 650 | _aOrganometallic | ||
| 650 | _aof | ||
| 650 | _ainorganic | ||
| 650 | _acompounds | ||
| 650 | _achemistry | ||
| 650 | _abook | ||
| 690 | _aInorganic Chemistry | ||
| 906 | _a009487 | ||
| 999 |
_c140660 _d140660 |
||